Guess the MHA Characters Name - Statistics

General Stats
  • This quiz has been taken 1,062 times
    1,059 since last reset
  • The average score is 14 of 15
Answer Stats
Question Answer % Correct
Froppy Tsuyu Asui
99%
Deku Izuku Midoryia
98%
Uravity Ochaco Uraraka
98%
Chargebolt Denki Kaminari
97%
Ingenium II Tenya Iida
97%
Pinky Mina Ashido
95%
Red Riot Ejirou Kirishima
94%
Dynamight Katsuki Bakugo
94%
Dabi Touya Todoroki
93%
Tomura Shigaraki Tenko Shimura
89%
Hawks Keigo Takami
88%
Present Mic Hizashi Yamada
87%
Tailman Mashirao Ojiro
86%
Midnight Nemuri Kayama
85%
Best Jeanist Hakamada Tsunagu
84%
No matching quizzes found
Score Distribution
Percent of People with Each Score
Percentile by Number Answered
Your Score History
You have not taken this quiz since the last reset